00482nam a2200193 a 4500001001300000003000900013005001700022008004100039020002300080082001300103100002100116245001200137260004300149300001000192500003500202505001000237650002000247700002100267nice12345678IN_TiNIC20260116014938.0050524s1990 lona grp 000 0 eng  a0415424 c10000a150bSTE aStevens, Anthony aOn Jung aLondon bRoutledge Chapman Hall c1990 a292p. aincludes index and biblioraphy2 aIndex aPsychology-Jung1 aStevens, Anthony